01277nab a22002657a 4500999001500000003000400015005001700019008004100036040000700077100003600084245006700120300001200187500003100199505029500230505007400525650005800599650002800657650005100685650002600736650002500762650002000787650003500807773015600842942001300998 c5729d5729OSt20260101184458.0190514b xxu||||| |||| 00| 0 spa d cPJ 96649aJure, María Angélica 10aNunca más otro caso "Fornerón" /cMaría Angélica Jure. ap. 8-17 aTR LALEY AR/DOC/3263/2024. a Sumario: I. Introducción.— II. Breve relación de la causa.— III. Sobre el fallo de la CS.— IV. Admisión del recurso de queja. Razones.— V. Sobre el impacto de los fallos de la CIDH.— VI. Sobre una cuestión vinculada al consentimiento materno.— VII. Reflexión final.  aFallo comentado: CS ~ 13/08/2024 ~ P., M. B. s/ medidas precautorias. 092741aDERECHOS DE LAS NIÑAS, NIÑOS Y ADOLESCENTES 09967aDERECHO DE FAMILIA 093377aCORTE INTERAMERICANA DE DERECHOS HUMANOS 09614aDERECHOS HUMANOS 095585aCONSENTIMIENTO 09974aADOPCIÓN 091057aJURISPRUDENCIA APLICABLE0 0284493222dBuenos Aires : AbeledoPerrot, 1989-tDerecho de familia. Revista Interdisciplinaria de doctrina y jurisprudencia. Febrero 2025-I.z18511201 2udccANA